• 首页
  • 本馆介绍
  • 公告通知
  • 最新文献
  • 馆藏检索
  • 电子资源
  • 读者导购
  • 参考咨询
  • 我的图书馆
  • 登录
  • 详细信息显示
  • 放入我的书架
  • 预约/预借图书
  • 作者相关作品
  • 分类相关作品
  • 丛书相关作品
  • 出版社相关作品

书目信息

  • 表格格式
  • 工作单格式
  • 卡片格式
题名:
银行客户经理财务报表分析培训
    
 
作者: ;立金银行培训中心 著
分册:  
出版信息: 北京   中国经济出版社  2012
页数: 218页
开本: 23cm
丛书名:
单 册:
中图分类: F275.2 , F830.5
科图分类:
主题词: 企业--会计报表--会计分析 , 银行--贷款管理 , 企业 , 会计报表 , 会计分析 , 银行 , 贷款管理
电子资源:
ISBN: 978-7-5136-0945-6
000 01154nam0 22003251 450
001 523
005 20140909092424.51
010    @a978-7-5136-0945-6@dCNY38.00
100    @a20120113d2012 em y0chiy50 ea
101 0  @achi
102    @aCN@b110000
105    @ay z 000yy
106    @ar
200 1  @a银行客户经理财务报表分析培训@AYin Hang Ke Hu Jing Li Cai Wu Bao Biao Fen Xi Pei Xun@f立金银行培训中心教材编写组著@FLi Jin Yin Xing Pei Xun Zhong Xin Jiao Cai Bian Xie Zu Zhu
210    @a北京@c中国经济出版社@d2012
215    @a218页@d23cm
300    @a立金银行培训 商业银行财务报表分析培训 客户经理素质提升系列
330    @a本书内容包括:如何快速分析企业的价值、财务会计报告的最简易阅读方法、如何从报表中找到有用的营销信息、如何从货币资金发现营销机会等。
606 0  @a企业@x会计报表@x会计分析
606 0  @a银行@x贷款管理
606 0  @a企业
606 0  @a会计报表
606 0  @a会计分析
606 0  @a银行
606 0  @a贷款管理
690    @aF275.2@v5
690    @aF830.5@v5
711 02 @a立金银行培训中心@ALi Jin Yin Hang Pei Xun Zhong Xin@b教材编写组@4著
801  0 @aCN@bTANGWEI@c20140603
905    @b0836853-55@dF275.2@e1095@f3
    
    银行客户经理财务报表分析培训/立金银行培训中心教材编写组著.-北京:中国经济出版社,2012
    218页;23cm
    立金银行培训 商业银行财务报表分析培训 客户经理素质提升系列
    
    ISBN 978-7-5136-0945-6:CNY38.00
    本书内容包括:如何快速分析企业的价值、财务会计报告的最简易阅读方法、如何从报表中找到有用的营销信息、如何从货币资金发现营销机会等。
●
相关链接 在E读中查询图书 在五车中查询图书 在当当中查询图书 在豆瓣中查询图书


正题名:银行客户经理财务报表分析培训     索取号:F275.2/1095         预约/预借

序号 登录号 条形码 馆藏地/架位号 状态 备注
1 0836853   208368531   第一样本阅览室/ [索取号:F275.2/1095] 在馆    
2 0836854   208368540   密集书库-海洋学院/ [索取号:F275.2/1095] 在馆    
3 0836855   208368559   第一借阅区/ [索取号:F275.2/1095] 在馆    
唐山师范学院图书馆 欢迎您!
大连网信软件有限公司© 版权所有